Media culture : (Registro nro. 70936)
[ vista simple ]
| 000 -LEADER | |
|---|---|
| fixed length control field | 01085nam a2200301 i 4500 |
| 001 - CONTROL NUMBER | |
| control field | 70936 |
| 003 - CONTROL NUMBER IDENTIFIER | |
| control field | Mx-PuUPA |
| 005 - DATE AND TIME OF LATEST TRANSACTION | |
| control field | 20240411075059.0 |
| 008 - FIXED-LENGTH DATA ELEMENTS--GENERAL INFORMATION | |
| fixed length control field | 240411s2020 nyu |||fr|||| 00| 0 eng d |
| 020 ## - INTERNATIONAL STANDARD BOOK NUMBER | |
| International Standard Book Number | 9780367199340 |
| Qualifying information | rústica |
| 040 ## - CATALOGING SOURCE | |
| Original cataloging agency | Mx-PuUPA |
| Language of cataloging | spa |
| Transcribing agency | Mx-PuUPA |
| Modifying agency | Mx-PuUPA |
| Description conventions | rda |
| 041 0# - LANGUAGE CODE | |
| Language code of text/sound track or separate title | eng |
| 100 1# - MAIN ENTRY--PERSONAL NAME | |
| Personal name | Kellner, Douglas, |
| Dates associated with a name | 1943- |
| 9 (RLIN) | 15571 |
| Relator term | autor |
| 245 10 - TITLE STATEMENT | |
| Title | Media culture : |
| Remainder of title | cultural studies, identity and politics in the contemporary moment / |
| Statement of responsibility, etc. | Douglas Kellner |
| 250 ## - EDITION STATEMENT | |
| Edition statement | Second edition |
| 250 ## - EDITION STATEMENT | |
| Edition statement | 25th Anniversary edition |
| 264 #1 - PRODUCTION, PUBLICATION, DISTRIBUTION, MANUFACTURE, AND COPYRIGHT NOTICE | |
| Place of production, publication, distribution, manufacture | Oxon, OX : |
| Name of producer, publisher, distributor, manufacturer | Routledge, |
| Date of production, publication, distribution, manufacture, or copyright notice | ©2020 |
| 300 ## - PHYSICAL DESCRIPTION | |
| Extent | 325 páginas ; |
| Dimensions | 24 cm |
| 336 ## - CONTENT TYPE | |
| Fuente | rdacontent |
| Content type term | texto |
| Content type code | txt |
| 337 ## - MEDIA TYPE | |
| Source | rdamedia |
| Media type term | sin medio |
| Media type code | n |
| 338 ## - CARRIER TYPE | |
| Source | rdacarrier |
| Carrier type term | volumen |
| Carrier type code | nc |
| 650 #7 - SUBJECT ADDED ENTRY--TOPICAL TERM | |
| Source of heading or term | armarc |
| Topical term or geographic name entry element | Medios de comunicación de masas |
| Geographic subdivision | Estados Unidos |
| 650 #7 - SUBJECT ADDED ENTRY--TOPICAL TERM | |
| Source of heading or term | armarc |
| Topical term or geographic name entry element | Cultura popular |
| Geographic subdivision | Estados Unidos |
| 942 ## - ADDED ENTRY ELEMENTS (KOHA) | |
| Source of classification or shelving scheme | Dewey Decimal Classification |
| Koha item type | Libro |
| Classification part | 302.230973 |
| Item part | K295 |
| Withdrawn status | Lost status | Source of classification or shelving scheme | Damaged status | Not for loan | Collection code | Home library | Current library | Shelving location | Date acquired | Source of acquisition | Cost, normal purchase price | Total Checkouts | Full call number | Barcode | Date last seen | Cost, replacement price | Price effective from | Koha item type | Copy number |
|---|---|---|---|---|---|---|---|---|---|---|---|---|---|---|---|---|---|---|---|
| Dewey Decimal Classification | General | Biblioteca Karol Wojtyla | Biblioteca Karol Wojtyla | Sala general | 04/04/2024 | 2 | 916.05 | 302.230973 K295 2020 | 104487 | 05/01/2026 | 916.05 | 04/04/2024 | Libro | ||||||
| Dewey Decimal Classification | General | Biblioteca Karol Wojtyla | Biblioteca Karol Wojtyla | Sala general | 04/04/2024 | 2 | 916.05 | 302.230973 K295 2020 | 104488 | 05/01/2026 | 916.05 | 04/04/2024 | Libro | Ej.2 |